000
00344 a2200157 4500
001
186454
020
_a
85-209-0839-X
040
_c
Magnum
100
_a
Machado, Angelo
240
1
0
_a
O dilema do bicho-pau
_l
por
245
1
0
_a
O dilema do bicho-pau
300
_a
24
362
0
_a
1997
697
_a
LITERATURA INFANTO-JUVENIL
942
_c
BK
999
_c
186454
_d
186454